000 00361cam a2200145ua 4500
041 _aeng
_h
082 _a823.308
_bSCO/HE
100 _aScott, Walter .
245 _aHeart of Midlothian /
_cWalter Scott.
_hTextual Documents
260 _aLondon :
_bJ M Dent and Sons Ltd ,
_c1961.
300 _a560 ; .
504 _a
942 _cBK
999 _c11979
_d11979